La symphonie des éclairs - Zaho de Sagazan - Statistiques

Statistiques générales
  • Ce quiz a été pris 470 fois
  • Le résultat moyen est 217 sur 265
Statistiques - réponses
Hint Réponse % Correct
De
100%
de
100%
des
100%
Dès
100%
Des
100%
a
99%
nuages
99%
fait
98%
| . Il
98%
Je
98%
je
98%
au
97%
Au
97%
beau
97%
dessus
97%
oiseau
97%
toujours
97%
le
96%
moi
96%
un
96%
les
95%
Mais
95%
mais
95%
si
95%
dans
94%
j'étais
94%
la
94%
La
94%
sous
94%
danser
93%
l'orage
93%
éclairs
92%
j'irais
91%
symphonie
91%
lumière
89%
traverserai
89%
comme
87%
traverserais
85%
pluie
84%
su
84%
et
83%
Et
83%
En
80%
se
79%
plus
78%
Que
78%
enfance
77%
ne
77%
sa
77%
tendre
76%
Elle
75%
pas
75%
ces
74%
tout
74%
Qui
73%
qui
73%
ses
72%
savait
71%
tempête
71%
bas
70%
parler
70%
autrement
69%
Petite
69%
criant
68%
retenir
68%
Qu'en
67%
pour
66%
rien
66%
s'est
66%
cœur
65%
du
65%
grandissant
65%
larmes
64%
raison
64%
Quand
63%
d'essayer
62%
faute
62%
calmé
61%
gens
61%
raisons
61%
cris
60%
suis
60%
J'écouterais
59%
mélodies
59%
mes
58%
retrouver
58%
mon
57%
soleil
57%
trouvée
57%
ferai
56%
oiseaux
56%
pleurer
56%
tant
56%
tous
55%
vent
55%
chantant
54%
d'une
54%
franchement
54%
pleuvoir
54%
pourrait
54%
rythme
54%
s'échapper
53%
trouver
53%
faisaient
52%
l'aimer
52%
réchauffer
52%
Réchauffer
52%
y
52%
cœurs
51%
d'envier
51%
Nulle
50%
pleurs
50%
pouvaient
50%
autant
48%
ci
48%
dit
47%
Personne
45%
viendra
45%
font
43%
Celle
42%
chants
41%
tourmente
41%
n'aimerait
39%
nous
39%
avouez
38%
Aucun quiz correspondant
Distribution des résultats
% des personnes avec chaque résultat
Percentile par nombre de réponses
Votre historique - résultats
Vous n’avez pas pris ce quiz